[Event "Reykjavik Open 2015"]
[Site "Reykjavik ISL"]
[Date "2015.03.11"]
[Round "3.41"]
[White "Thorhallsson, Simon"]
[Black "Preotu, Razvan"]
[Result "0-1"]
[BlackTitle "IM"]
[WhiteElo "2009"]
[BlackElo "2447"]
[WhiteFideId "2310090"]
[BlackFideId "2613280"]
[EventDate "2015.03.10"]

1. d4 f5 2. g3 Nf6 3. Bg2 g6 4. c4 Bg7 5. Nf3 O-O 6. O-O d6 7. Nc3 c6 8. b3 Qa5
9. Bb2 e5 10. dxe5 dxe5 11. e4 f4 12. Qe2 Bg4 13. h3 Bxf3 14. Bxf3 Nbd7 15. Kg2
Nc5 16. Qc2 Ne6 17. Ne2 Qc7 18. Rad1 h5 19. h4 g5 20. hxg5 Nxg5 21. Ng1 Ng4 22.
Bxg4 hxg4 23. f3 Qc8 24. fxg4 Qxg4 25. Qc3 f3+ 26. Nxf3 Qh3+ 0-1

[Event "Reykjavik Open 2015"]
[Site "Reykjavik ISL"]
[Date "2015.03.11"]
[Round "3.42"]
[White "Edvardsen, Ragnar"]
[Black "Thorhallsson, Throstur"]
[Result "0-1"]
[BlackTitle "GM"]
[WhiteElo "2001"]
[BlackElo "2428"]
[WhiteFideId "1502719"]
[BlackFideId "2300109"]
[EventDate "2015.03.10"]

1. e4 c5 2. Nf3 d6 3. d4 cxd4 4. Nxd4 Nf6 5. Nc3 Nc6 6. Be2 g6 7. Be3 Bg7 8. O-O
O-O 9. f4 Bd7 10. Kh1 a6 11. g4 Bxg4 12. Bxg4 Nxg4 13. Qxg4 Nxd4 14. Rf2 f5 15.
Qd1 e5 16. Qd2 Rc8 17. Rd1 Qh4 18. Qd3 Kh8 19. Rg1 Rce8 20. fxe5 dxe5 21. exf5
Nxf5 22. Bc5 Rf7 23. Qd5 Rc7 24. Rd2 Rcc8 25. Bf2 Qf4 26. Ne4 Ne7 27. Qd3 Rcd8
28. Bg3 Qxd2 29. Qxd2 Rxd2 30. Nxd2 Nf5 31. Re1 Kg8 32. Ne4 Rd8 33. Kg2 h6 34.
c3 Kf7 35. Kf2 Rd5 36. Re2 Ke6 37. Ke1 Nd6 38. Bf2 Nxe4 39. Rxe4 Bf8 40. Ke2 h5
41. Rc4 Kd7 42. Be3 Be7 43. Re4 Ke6 44. Rc4 Rd7 45. Rc8 Bd8 46. a4 Kf5 47. h3 g5
48. b4 g4 49. hxg4+ hxg4 50. a5 Bf6 51. c4 Rh7 52. b5 Rh2+ 53. Kf1 Ke4 54. Bg1
Rb2 55. Rf8 Bg5 56. Rb8 Kf3 0-1

[Event "Reykjavik Open 2015"]
[Site "Reykjavik ISL"]
[Date "2015.03.11"]
[Round "3.43"]
[White "Carlsen, Henrik"]
[Black "Ragnarsson, Dagur"]
[Result "1-0"]
[WhiteElo "1986"]
[BlackElo "2347"]
[WhiteFideId "1502832"]
[BlackFideId "2304058"]
[EventDate "2015.03.10"]

1. d4 f5 2. c4 Nf6 3. Nc3 g6 4. g3 Bg7 5. Bg2 O-O 6. Nh3 d6 7. d5 c6 8. O-O e5
9. dxe6 Bxe6 10. Qd3 Na6 11. Ng5 Qe7 12. Bf4 Rfd8 13. Rad1 Nh5 14. Nd5 Qe8 15.
Nxe6 Qxe6 16. Bg5 Rd7 17. Qa3 h6 18. Nf4 Nxf4 19. Bxf4 Rad8 20. Bxc6 bxc6 21.
Qxa6 g5 22. Be3 Qe4 23. c5 f4 24. Bc1 fxg3 25. hxg3 Bd4 1-0

[Event "Reykjavik Open 2015"]
[Site "Reykjavik ISL"]
[Date "2015.03.11"]
[Round "3.44"]
[White "Nguyen, Thai Dai Van"]
[Black "Gschwendtner, Stanislav"]
[Result "1-0"]
[WhiteTitle "FM"]
[WhiteElo "2338"]
[BlackElo "2009"]
[WhiteFideId "358878"]
[BlackFideId "307297"]
[EventDate "2015.03.10"]

1. e4 c5 2. Nf3 d6 3. d4 cxd4 4. Nxd4 Nf6 5. Nc3 g6 6. Be3 Bg7 7. f3 Nc6 8. Qd2
O-O 9. g4 Be6 10. Nxe6 fxe6 11. O-O-O Ne5 12. Be2 Qc8 13. h4 Nc4 14. Bxc4 Qxc4
15. Bd4 e5 16. Be3 b5 17. Kb1 b4 18. Na4 Nd7 19. Rh3 Rf7 20. b3 Qb5 21. h5 Nb6
22. hxg6 hxg6 23. Nb2 Raf8 24. Qf2 Rf4 25. Qh4 R4f6 26. Bg5 d5 27. Qh7+ Kf7 28.
Bxf6 Kxf6 29. Nd3 Nc4 30. bxc4 dxc4 31. g5+ Kf7 32. Rh6 cxd3 33. Qxg6+ Kg8 34.
Rdh1 dxc2+ 35. Kc1 1-0

[Event "Reykjavik Open 2015"]
[Site "Reykjavik ISL"]
[Date "2015.03.11"]
[Round "3.45"]
[White "Valtysson, Thor"]
[Black "Loos, Roland"]
[Result "1-0"]
[WhiteElo "1974"]
[BlackElo "2337"]
[WhiteFideId "2301903"]
[BlackFideId "4643232"]
[EventDate "2015.03.10"]

1. d4 Nf6 2. Nf3 g6 3. Bg5 Bg7 4. Nbd2 O-O 5. e3 d6 6. Be2 Nbd7 7. O-O h6 8. Bh4
e5 9. dxe5 dxe5 10. c3 Qe8 11. Qc2 b6 12. a4 Nc5 13. Bxf6 Bxf6 14. a5 Bb7 15.
axb6 axb6 16. e4 Qc6 17. Rxa8 Rxa8 18. Ne1 Qa4 19. b3 Qa2 20. Qd1 Rd8 21. Nef3
Nxe4 22. Qb1 Rxd2 23. Nxd2 Qxd2 24. Bc4 Kg7 25. Qa1 Qg5 26. Qa7 Nd6 27. f3 Qe3+
28. Kh1 e4 29. f4 Qd2 1-0

[Event "Reykjavik Open 2015"]
[Site "Reykjavik ISL"]
[Date "2015.03.11"]
[Round "3.46"]
[White "Gislason, Gudmundur"]
[Black "Hansen, Lars-Henrik Bech"]
[Result "1-0"]
[WhiteTitle "FM"]
[WhiteElo "2321"]
[BlackElo "1994"]
[WhiteFideId "2300559"]
[BlackFideId "1402021"]
[EventDate "2015.03.10"]

1. Nf3 Nf6 2. c4 g6 3. b3 Bg7 4. Bb2 d6 5. e3 e5 6. Be2 O-O 7. d4 exd4 8. Nxd4
Nbd7 9. O-O Ne5 10. Nc3 Bg4 11. h3 Bxe2 12. Qxe2 Re8 13. Rfd1 Qe7 14. Rac1 Rad8
15. Nd5 Nxd5 16. cxd5 Rc8 17. Qb5 c5 18. dxc6 Nxc6 19. Qa4 Nxd4 20. Bxd4 Rxc1
21. Rxc1 Bxd4 22. Qxd4 b6 23. Rc6 Rd8 24. a4 d5 25. b4 Qd7 26. b5 Qe7 27. Rc3 f6
28. Rd3 f5 29. Rc3 Rd7 30. Rc8+ Rd8 31. Qxd5+ 1-0

[Event "Reykjavik Open 2015"]
[Site "Reykjavik ISL"]
[Date "2015.03.11"]
[Round "3.47"]
[White "Hitzler, Philipp"]
[Black "Vigdal, Per Kr"]
[Result "1-0"]
[WhiteElo "2315"]
[BlackElo "1985"]
[WhiteFideId "4658930"]
[BlackFideId "1504681"]
[EventDate "2015.03.10"]

1. d4 Nf6 2. Nf3 e6 3. c4 d5 4. Nc3 Nbd7 5. Bg5 c6 6. e3 Qa5 7. cxd5 exd5 8. Qb3
Ne4 9. Bf4 Bb4 10. Rc1 O-O 11. a3 Be7 12. Bd3 Ndf6 13. Ne5 h6 14. f3 Nxc3 15.
Rxc3 Nh5 16. Bg3 Qd8 17. Bf2 Bd6 18. Bb1 Re8 19. g4 Nf6 20. Bg3 c5 21. O-O g6
22. Qc2 Bxe5 23. Bxe5 Nd7 24. Bf4 cxd4 25. exd4 Qf6 26. Qd2 g5 27. Bg3 Qg7 28.
Rc7 Nf8 29. Rfc1 Ng6 30. R1c5 b6 31. Rxd5 Be6 32. Rd6 Rad8 33. Rxa7 Rxd6 34.
Bxd6 Nh4 35. Be4 Bxg4 36. Be5 Qf8 37. fxg4 Rxe5 38. dxe5 Qc5+ 39. Kf1 Qc4+ 40.
Qd3 Qc1+ 41. Ke2 Qxb2+ 42. Kd1 Qa1+ 43. Kc2 Qa2+ 44. Kc3 Qa1+ 45. Kb3 Qxe5 46.
Ra8+ 1-0

[Event "Reykjavik Open 2015"]
[Site "Reykjavik ISL"]
[Date "2015.03.11"]
[Round "3.48"]
[White "Mihajlov, Sebastian"]
[Black "Masungwini, Michael T"]
[Result "1-0"]
[WhiteTitle "FM"]
[WhiteElo "2308"]
[BlackElo "1972"]
[WhiteFideId "1512110"]
[BlackFideId "14308231"]
[EventDate "2015.03.10"]

1. d4 Nf6 2. c4 g6 3. Nc3 Bg7 4. e4 d6 5. f4 O-O 6. Nf3 c5 7. d5 e6 8. Be2 exd5
9. cxd5 Re8 10. Nd2 b6 11. O-O Ba6 12. Bxa6 Nxa6 13. Re1 Nc7 14. a4 a6 15. Nc4
Rb8 16. e5 dxe5 17. d6 Ne6 18. fxe5 Nd7 19. Qd5 b5 20. axb5 axb5 21. Na5 Nd4 22.
Bf4 b4 23. Ne4 Nxe5 24. Bg5 Qb6 25. d7 Rf8 26. d8=Q Rbxd8 27. Bxd8 Rxd8 28. Qxc5
Qb8 29. Rf1 Ndf3+ 30. gxf3 Nxf3+ 31. Rxf3 Bd4+ 32. Qxd4 Rxd4 33. Nc6 Qb6 34.
Nxd4 Qxd4+ 35. Nf2 Qxb2 36. Ra8+ Kg7 37. Ra7 Qc1+ 38. Kg2 Qg5+ 39. Kf1 Qc1+ 40.
Ke2 Qc4+ 41. Ke1 Qe6+ 42. Kf1 b3 43. Nd3 Qd5 44. Rfxf7+ Qxf7+ 45. Rxf7+ Kxf7 46.
Ke2 Kf6 47. Kf3 Kg5 48. Kg3 h5 49. h3 Kf5 50. Kh4 Kf6 51. Kg3 g5 52. Kf3 Ke7 53.
Ke3 Kd6 54. Kd4 g4 55. h4 Ke7 56. Kc3 Kf6 57. Nf4 Kf5 58. Nxh5 Ke4 59. Kxb3 Kf3
60. Kc3 Kg2 61. Nf4+ Kg3 62. Ng6 1-0

[Event "Reykjavik Open 2015"]
[Site "Reykjavik ISL"]
[Date "2015.03.11"]
[Round "3.49"]
[White "Stam, Bart"]
[Black "Haldorsen, Benjamin"]
[Result "0-1"]
[WhiteElo "1972"]
[BlackElo "2307"]
[WhiteFideId "1006240"]
[BlackFideId "1512633"]
[EventDate "2015.03.10"]

1. e4 e5 2. Nf3 Nc6 3. Bc4 Bc5 4. c3 Nf6 5. d4 exd4 6. cxd4 Bb4+ 7. Bd2 Bxd2+ 8.
Nbxd2 d5 9. exd5 Nxd5 10. Qb3 Na5 11. Qa4+ Nc6 12. Qb3 Nce7 13. O-O O-O 14. Rfe1
c6 15. a4 a5 16. Ne4 Nb6 17. Bd3 Ned5 18. Rad1 Bg4 19. Neg5 h6 20. h3 Bh5 21. g4
hxg5 22. gxh5 Qf6 23. Re5 Nb4 24. Rf5 Qe6 25. d5 N6xd5 26. Nxg5 Qh6 27. Bc4 Qxh5
28. Qf3 Qxf3 29. Rxf3 Rae8 30. Rd4 f6 31. Ne4 Nc2 32. Bxd5+ cxd5 0-1

[Event "Reykjavik Open 2015"]
[Site "Reykjavik ISL"]
[Date "2015.03.11"]
[Round "3.50"]
[White "Gyldenas, Ole Jorn"]
[Black "Maisuradze, Nino"]
[Result "0-1"]
[BlackTitle "WGM"]
[WhiteElo "1969"]
[BlackElo "2302"]
[WhiteFideId "1503847"]
[BlackFideId "13601717"]
[EventDate "2015.03.10"]

1. Nf3 d5 2. d4 Nf6 3. g3 c6 4. Bg2 Bg4 5. Nbd2 e6 6. O-O Nbd7 7. b3 Bd6 8. Bb2
Qc7 9. Rc1 O-O 10. c4 a5 11. c5 Be7 12. a3 b6 13. b4 axb4 14. axb4 b5 15. Ra1
Rxa1 16. Qxa1 Qb7 17. Nb3 Ra8 18. Na5 Qc8 19. Ne5 Nxe5 20. dxe5 Nd7 21. e4 Bd8
22. exd5 cxd5 23. c6 Nb8 24. Rc1 Bxa5 25. bxa5 Nxc6 26. Bd4 Be2 27. Bxd5 exd5
28. e6 Qxe6 29. Bxg7 d4 30. Bxd4 Nxd4 31. Qxd4 Bc4 32. h4 Bd5 33. Rd1 Bf3 34.
Rb1 Qh3 0-1

[Event "Reykjavik Open 2015"]
[Site "Reykjavik ISL"]
[Date "2015.03.11"]
[Round "3.51"]
[White "Tjomsland, Stig"]
[Black "Haraldsson, Haraldur"]
[Result "1-0"]
[WhiteTitle "FM"]
[WhiteElo "2300"]
[BlackElo "1948"]
[WhiteFideId "1501704"]
[BlackFideId "2311100"]
[EventDate "2015.03.10"]

1. d4 Nf6 2. c4 e6 3. Nc3 Bb4 4. a3 Bxc3+ 5. bxc3 c5 6. e3 Nc6 7. Bd3 O-O 8. Ne2
d6 9. O-O e5 10. f3 Bd7 11. d5 Na5 12. Ng3 b5 13. cxb5 c4 14. Bc2 Bxb5 15. a4
Ba6 16. e4 Nd7 17. Ba3 g6 18. Qe2 Nb7 19. Bb4 Qg5 20. Ba3 f5 21. exf5 gxf5 22.
f4 Qg4 23. Bxf5 Qxe2 24. Be6+ Kg7 25. Nxe2 Ndc5 26. fxe5 dxe5 27. Ng3 Kg6 28.
Bf5+ Kg7 29. Rae1 Rfe8 30. Ne4 Nd3 31. Re3 Nf4 32. d6 Rad8 33. d7 Rg8 34. Be7
Ra8 35. Nf6 Kf7 36. Nxg8 Rxg8 37. Rxe5 1-0

[Event "Reykjavik Open 2015"]
[Site "Reykjavik ISL"]
[Date "2015.03.11"]
[Round "3.52"]
[White "Mehringer, Joerg"]
[Black "Kochetkova, Julia"]
[Result "0-1"]
[BlackTitle "WGM"]
[WhiteElo "1955"]
[BlackElo "2288"]
[WhiteFideId "12915351"]
[BlackFideId "4139690"]
[EventDate "2015.03.10"]

1. e4 d6 2. d4 Nf6 3. Bd3 e5 4. dxe5 dxe5 5. Ne2 Bc5 6. O-O Be6 7. Bg5 Nbd7 8.
Nd2 h6 9. Bh4 g5 10. Bg3 h5 11. h4 Ng4 12. Nf3 Be7 13. hxg5 Bxg5 14. Nxg5 Qxg5
15. f4 exf4 16. Qd2 Qc5+ 17. Bf2 Nxf2 18. Rxf2 f3 19. gxf3 O-O-O 20. Nf4 Ne5 21.
Qe2 Rhg8+ 22. Kh1 Qe7 23. Nxe6 Qxe6 24. Rh2 Rg3 25. f4 Nxd3 26. cxd3 Rgxd3 27.
f5 Qe5 28. Re1 h4 29. Qg4 Rg3 30. Qxh4 Rdg8 31. Rd1 Qg7 0-1

[Event "Reykjavik Open 2015"]
[Site "Reykjavik ISL"]
[Date "2015.03.11"]
[Round "3.53"]
[White "Babijczuk, Pawel"]
[Black "Foisor, Sabina-Francesca"]
[Result "1-0"]
[BlackTitle "WGM"]
[WhiteElo "1950"]
[BlackElo "2279"]
[WhiteFideId "1129120"]
[BlackFideId "1212915"]
[EventDate "2015.03.10"]

1. d3 e5 2. e4 Nc6 3. c3 Nf6 4. Be2 Be7 5. Nf3 d5 6. Nbd2 O-O 7. O-O h6 8. Re1
Bg4 9. Qc2 a5 10. b3 Qd7 11. a4 Rad8 12. Ba3 Bxa3 13. Rxa3 Nh5 14. Bf1 Nf4 15.
Raa1 d4 16. cxd4 Bxf3 17. Nxf3 Nxd4 18. Nxd4 Qxd4 19. Rad1 Rd6 20. Qxc7 Rc6 21.
Qxa5 Rc2 22. Re3 f5 23. exf5 Rxf5 24. Qa8+ Rf8 25. Qxb7 Rxf2 26. Qe4 Qb2 27. Rg3
Kh8 28. Re1 Rxf1+ 29. Rxf1 Ne2+ 30. Qxe2 Qxe2 31. Rxf8+ Kh7 32. h3 Qd1+ 33. Kh2
Qxb3 34. d4 Qb7 35. dxe5 Qe7 36. Rff3 h5 37. Re3 g5 38. e6 Kg6 39. Re5 g4 40.
Rge3 Kh6 41. a5 Qf6 42. R5e4 Kg5 43. e7 Qd6+ 44. Re5+ 1-0

[Event "Reykjavik Open 2015"]
[Site "Reykjavik ISL"]
[Date "2015.03.11"]
[Round "3.54"]
[White "Wahlbom, Magnus"]
[Black "Korning, Peter"]
[Result "1-0"]
[WhiteElo "2278"]
[BlackElo "1944"]
[WhiteFideId "1700685"]
[BlackFideId "1723332"]
[EventDate "2015.03.10"]

1. e4 e5 2. Nf3 Nc6 3. Bb5 Nd4 4. Nxd4 exd4 5. O-O g6 6. d3 Bg7 7. f4 c6 8. Ba4
d5 9. f5 dxe4 10. dxe4 Be5 11. Nd2 Qd6 12. Nf3 Nf6 13. Qd3 O-O 14. Bb3 Kg7 15.
Bd2 a5 16. a4 b6 17. Nxe5 Qxe5 18. Qh3 h5 19. Qh4 Ng4 20. fxg6 Kxg6 21. Bf4 Qf6
22. Qxf6+ Nxf6 23. Bd6 Ba6 24. Rf4 Rfc8 25. Be5 Ng4 26. Bxf7+ Kh7 27. Bxd4 c5
28. Bc3 Rf8 29. g3 Rad8 30. h3 Ne3 31. Rc1 Nd1 32. Bf6 Rxf7 33. Bxd8 Rd7 34.
Bxb6 Nxb2 35. Bxa5 Nxa4 36. e5 Kg6 37. Rxa4 1-0

[Event "Reykjavik Open 2015"]
[Site "Reykjavik ISL"]
[Date "2015.03.11"]
[Round "3.55"]
[White "Baldvinsson, Loftur"]
[Black "Wege, Jochen"]
[Result "0-1"]
[BlackTitle "FM"]
[WhiteElo "1945"]
[BlackElo "2277"]
[WhiteFideId "2301261"]
[BlackFideId "4620488"]
[EventDate "2015.03.10"]

1. e4 e6 2. d4 d5 3. Nc3 Bb4 4. Bd3 c5 5. exd5 Qxd5 6. Bd2 Bxc3 7. bxc3 Qxg2 8.
Qf3 Qxf3 9. Nxf3 cxd4 10. cxd4 Ne7 11. Rg1 O-O 12. h4 Nbc6 13. h5 f6 14. O-O-O
Rf7 15. c4 Bd7 16. Rg2 Nf5 17. Bxf5 exf5 18. Rdg1 Re8 19. Bh6 Ree7 20. d5 Kf8
21. d6 Re4 22. Bxg7+ Ke8 23. Nd2 Rg4 24. Bh6 Be6 25. Rxg4 fxg4 26. Kb2 b6 27.
Re1 Kd7 28. Bf4 Ne5 29. Bxe5 fxe5 30. Rxe5 Rxf2 31. Kc3 h6 32. Re3 Rh2 33. Ne4
Rxa2 34. Kd4 Bf5 35. Ng3 Rf2 36. Kd5 Rd2+ 37. Ke5 Bc2 38. Ra3 a5 39. Ra2 a4 40.
Nf5 Re2+ 41. Kd4 Bd3 42. Rxe2 Bxe2 43. Kc3 Bf3 44. Kb4 Bc6 45. Kc3 Ke6 46. d7
Bxd7 47. Nxh6 g3 48. Ng4 g2 0-1

[Event "Reykjavik Open 2015"]
[Site "Reykjavik ISL"]
[Date "2015.03.11"]
[Round "3.56"]
[White "Niemann, Hans M"]
[Black "Stefansson, Vignir Vatnar"]
[Result "1-0"]
[WhiteElo "2275"]
[BlackElo "1909"]
[WhiteFideId "2093596"]
[BlackFideId "2308649"]
[EventDate "2015.03.10"]

1. d4 Nf6 2. c4 e6 3. Nf3 b6 4. g3 Bb7 5. Bg2 Bb4+ 6. Bd2 a5 7. O-O O-O 8. a3
Bxd2 9. Qxd2 Ne4 10. Qc2 f5 11. Rd1 d6 12. Nfd2 Qf6 13. Bxe4 fxe4 14. Nxe4 Qf5
15. f3 Nd7 16. Nbd2 Ba6 17. Rac1 d5 18. Nf2 Qf6 19. Qc3 c5 20. cxd5 exd5 21.
dxc5 Qxc3 22. Rxc3 d4 23. Rcc1 bxc5 24. Nc4 Rab8 25. Rd2 a4 26. Nd3 Rb3 27. Rdc2
Re8 28. Kf1 Re6 29. h4 g6 30. Nf4 Re7 31. Nd5 Rf7 32. Nf4 Re7 33. Nd3 Re6 34.
Rd2 Kg7 35. Kf2 h6 36. Nf4 Re8 37. Nd6 Re5 38. Ne4 Kh7 39. Nd3 Bxd3 40. exd3 Kg7
41. Rc4 Nb6 42. Rxc5 Rxc5 43. Nxc5 Rb5 44. Ne6+ Kf6 45. Nxd4 Rd5 46. Ne2 Nc4 47.
Rc2 Ne5 48. d4 Nd7 49. Rc6+ Kf7 50. Ra6 Rb5 51. Rxa4 Rxb2 52. Rb4 Rc2 53. Rb7
Ke8 54. Ke3 Nf6 55. Kd3 Ra2 56. Ra7 Nh5 57. g4 Nf6 58. Nf4 Rf2 59. Ke3 Rh2 60.
Nxg6 Nd5+ 61. Ke4 1-0

[Event "Reykjavik Open 2015"]
[Site "Reykjavik ISL"]
[Date "2015.03.11"]
[Round "3.57"]
[White "Undheim, Bjarne"]
[Black "Kristinsson, Jon"]
[Result "0-1"]
[WhiteElo "1926"]
[BlackElo "2251"]
[WhiteFideId "1506862"]
[BlackFideId "2300141"]
[EventDate "2015.03.10"]

1. e4 e5 2. Nf3 Nc6 3. d4 exd4 4. Bc4 Nf6 5. e5 Ne4 6. Bd5 Nc5 7. Bxc6 dxc6 8.
Qxd4 Bf5 9. c3 Nd3+ 10. Ke2 Bc5 11. Qxd8+ Rxd8 12. Bg5 Rd7 13. b4 Bxf2 14. Rd1
Bb6 15. Na3 O-O 16. Rd2 Re8 17. Nc4 f6 18. Be3 fxe5 19. Bxb6 cxb6 20. Ne3 Bg6
21. Nh4 Nf4+ 22. Ke1 Rxd2 23. Kxd2 Rd8+ 24. Ke1 Rd3 25. Nxg6 Rxe3+ 26. Kf2 Re2+
27. Kf3 hxg6 28. g3 Rxh2 29. gxf4 exf4 30. Kxf4 Rc2 31. Kg5 Kf7 32. Rf1+ Ke6 33.
Kxg6 Rxa2 34. Re1+ Kd6 35. Rd1+ Kc7 36. Kxg7 a5 37. Kf6 axb4 38. cxb4 Rb2 39.
Rd4 c5 40. bxc5 bxc5 41. Rc4 Kc6 0-1

[Event "Reykjavik Open 2015"]
[Site "Reykjavik ISL"]
[Date "2015.03.11"]
[Round "3.58"]
[White "Haugli, Petter"]
[Black "Andersen, Niels Erik"]
[Result "1/2-1/2"]
[WhiteTitle "IM"]
[WhiteElo "2247"]
[BlackElo "1900"]
[WhiteFideId "1500104"]
[BlackFideId "1406507"]
[EventDate "2015.03.10"]

1. d4 d5 2. c4 e6 3. Nc3 Nf6 4. cxd5 exd5 5. Bg5 Be7 6. e3 Nbd7 7. Bd3 O-O 8.
Nge2 Re8 9. O-O c6 10. Qc2 Nf8 11. Rab1 h6 12. Bh4 Bg4 13. h3 Bxe2 14. Bxe2 Ne4
15. Bxe7 Qxe7 16. Nxe4 Qxe4 17. Qxe4 Rxe4 18. b4 a6 19. a4 Re7 20. Rfc1 Ne6 21.
Bd3 Rc7 22. Rc3 Kf8 23. Rbc1 Rac8 24. g4 Ke7 25. Kg2 Kd6 26. Kg3 g6 27. h4 Re8
28. Rh1 Rce7 29. h5 g5 30. Rhc1 Rc7 31. Bf5 Ng7 32. Bd3 Ne6 33. Bf5 1/2-1/2

[Event "Reykjavik Open 2015"]
[Site "Reykjavik ISL"]
[Date "2015.03.11"]
[Round "3.59"]
[White "Densing, Gerd"]
[Black "Ptacnikova, Lenka"]
[Result "0-1"]
[BlackTitle "WGM"]
[WhiteElo "1903"]
[BlackElo "2242"]
[WhiteFideId "24621013"]
[BlackFideId "305650"]
[EventDate "2015.03.10"]

1. d4 g6 2. Nf3 Bg7 3. Nc3 d5 4. Bf4 Nf6 5. e3 O-O 6. Be2 c6 7. Ne5 Nfd7 8. h4
Nxe5 9. Bxe5 f6 10. Bg3 e5 11. Qd2 e4 12. O-O-O b5 13. h5 Re8 14. hxg6 hxg6 15.
Rh2 Nd7 16. Rdh1 b4 17. Na4 a5 18. Bd6 Ba6 19. Bxa6 Rxa6 20. Qe2 Ra8 21. Qg4 Kf7
22. Nc5 Nxc5 23. Bxc5 Qc8 24. Qg3 Qd7 25. Rh7 Rh8 26. R1h6 g5 27. Qh2 Rxh7 28.
Rxh7 Kg8 29. Rh3 Re8 30. Qd6 Qxd6 31. Bxd6 Bf8 32. Bxf8 Rxf8 33. Kd2 Kg7 34. g3
f5 35. Rh1 Kg6 36. Rc1 f4 37. gxf4 gxf4 38. c3 fxe3+ 39. Kxe3 Rf3+ 40. Ke2 bxc3
41. Rxc3 Rxc3 42. bxc3 Kg5 43. Ke3 Kg4 44. a4 Kg5 45. c4 Kg4 46. cxd5 cxd5 47.
Ke2 Kf4 48. Ke1 Kf3 49. Kf1 e3 50. fxe3 Kxe3 51. Ke1 Kxd4 52. Kd2 Kc4 0-1

[Event "Reykjavik Open 2015"]
[Site "Reykjavik ISL"]
[Date "2015.03.11"]
[Round "3.60"]
[White "Sandberg, Martin"]
[Black "Olafsson, Thorvardur"]
[Result "1/2-1/2"]
[WhiteElo "1889"]
[BlackElo "2230"]
[WhiteFideId "1707159"]
[BlackFideId "2301148"]
[EventDate "2015.03.10"]

1. e4 e5 2. Nf3 Nc6 3. Bb5 a6 4. Bxc6 dxc6 5. O-O f6 6. d4 Bg4 7. c3 Bd6 8. Nbd2
Qd7 9. Nc4 Be6 10. Nxd6+ cxd6 11. dxe5 fxe5 12. Ng5 Nf6 13. Nxe6 Qxe6 14. Qe2
O-O 15. f3 Rf7 16. b3 Raf8 17. Ba3 Ne8 18. Rad1 Rf6 19. Rd3 Qf7 20. Rfd1 Qg6 21.
R1d2 b5 22. Qd1 c5 23. Bc1 R8f7 24. a4 bxa4 25. bxa4 Rb7 26. Rb2 Rxb2 27. Bxb2
Qf7 28. Rd5 Qb7 29. Ba3 Qb6 30. Rd2 c4+ 31. Kf1 Qe3 32. Bxd6 Nxd6 33. Rxd6 Rxd6
34. Qxd6 Qxc3 35. Qd8+ Kf7 36. Qd7+ 1/2-1/2

[Event "Reykjavik Open 2015"]
[Site "Reykjavik ISL"]
[Date "2015.03.11"]
[Round "3.61"]
[White "Kenney, David"]
[Black "Morshedi, Ali"]
[Result "0-1"]
[BlackTitle "FM"]
[WhiteElo "1885"]
[BlackElo "2221"]
[WhiteFideId "2617064"]
[BlackFideId "2021730"]
[EventDate "2015.03.10"]

1. d4 Nf6 2. Nf3 g6 3. e3 Bg7 4. Bd3 O-O 5. O-O d6 6. h3 Nbd7 7. c4 e5 8. Nc3
Re8 9. Qc2 Qe7 10. Nd2 c6 11. b3 Nh5 12. dxe5 dxe5 13. Bb2 f5 14. Be2 Nhf6 15.
Rad1 b6 16. Rfe1 Bb7 17. Bf1 Rad8 18. e4 f4 19. Nf3 Bf8 20. Rd2 Nc5 21. Red1
Rxd2 22. Rxd2 Qc7 23. b4 Ne6 24. a3 Nd8 25. Qd1 Nf7 26. Bd3 Bc8 27. Bf1 g5 28.
Nh2 Be6 29. f3 a5 30. b5 Bc5+ 31. Kh1 Be3 32. Rc2 Rd8 33. Qe1 cxb5 34. Nxb5 Qe7
35. Nc3 Nh5 36. Ng4 Ng3+ 37. Kh2 Bd2 38. Qf2 h5 39. Nd5 Bxd5 40. Rxd2 hxg4 41.
cxd5 Nxe4 42. Qe1 Nxd2 43. Qxd2 g3+ 44. Kh1 Qc5 45. Qd3 Rxd5 46. Qb1 Qd6 47. Qc2
Rd1 48. Qc4 Qd5 0-1

[Event "Reykjavik Open 2015"]
[Site "Reykjavik ISL"]
[Date "2015.03.11"]
[Round "3.62"]
[White "Johannesson, Oliver"]
[Black "Bjarnason, Vignir"]
[Result "1-0"]
[WhiteElo "2212"]
[BlackElo "1895"]
[WhiteFideId "2305623"]
[BlackFideId "2301504"]
[EventDate "2015.03.10"]

1. d4 e6 2. c4 f5 3. g3 Nf6 4. Bg2 Be7 5. Nf3 O-O 6. O-O d6 7. Nc3 a5 8. b3 Qe8
9. Re1 Ne4 10. Qc2 Qg6 11. e3 Nc6 12. Bb2 Bf6 13. a3 Nxc3 14. Bxc3 e5 15. b4 Qe8
16. b5 Nd8 17. a4 Nf7 18. Rad1 g5 19. Nd2 c6 20. bxc6 bxc6 21. dxe5 dxe5 22. Nb3
Bd8 23. Qd2 Be6 24. Nxa5 Bxa5 25. Bxa5 Bxc4 26. Bb4 Rxa4 27. Bxf8 Kxf8 28. Qc2
c5 29. Qxf5 Kg8 30. Ra1 Bb5 31. Bd5 Bd7 32. Qxg5+ Kf8 33. Qh5 Kg7 34. Rxa4 Bxa4
35. Bxf7 Qxf7 36. Qg4+ Kf6 37. Qxa4 Qd5 38. Rd1 Qb7 39. Qh4+ Kf7 40. Qxh7+ 1-0

[Event "Reykjavik Open 2015"]
[Site "Reykjavik ISL"]
[Date "2015.03.11"]
[Round "3.63"]
[White "Kolka, Dawid"]
[Black "Schou-Moldt, Thomas"]
[Result "0-1"]
[WhiteElo "1875"]
[BlackElo "2211"]
[WhiteFideId "2308010"]
[BlackFideId "1401297"]
[EventDate "2015.03.10"]

1. e4 c5 2. Nf3 a6 3. c3 d5 4. exd5 Qxd5 5. d4 Nf6 6. Be2 e6 7. O-O Nc6 8. h3
Be7 9. Be3 cxd4 10. cxd4 O-O 11. Nc3 Qa5 12. a3 Nd5 13. Nxd5 Qxd5 14. Qd2 Bf6
15. Rfd1 Ne7 16. Rac1 Qd8 17. Bg5 Nd5 18. Bxf6 Qxf6 19. Ne5 Rd8 20. Ng4 Qe7 21.
Bf3 b5 22. Ne3 Bb7 23. Nxd5 Bxd5 24. Qe3 Bxf3 25. Qxf3 Rd5 26. Rc5 Rad8 27. Rxd5
Rxd5 28. Rc1 g5 29. Qe4 Qd6 30. Qe3 Qf4 31. Rc5 Qxd4 32. Qxd4 Rxd4 33. Rxg5+ Kf8
34. Kf1 Rd2 35. b4 Rd3 36. Rg3 Rxg3 37. fxg3 Ke7 38. g4 Kd6 39. Ke2 Kd5 40. Kd3
e5 41. g5 e4+ 42. Ke3 Ke5 43. g4 Kd5 44. h4 Ke5 45. h5 Kd5 46. g6 fxg6 0-1